00577nam a2200169 a 450000100100000000500170001000800410002704000250006808200150009310000230010824500640013126000520019530000210024704900090026895201130027799900170039000002116020200930011240.0100901s1946 xxu r 000 i spa d aDO-SdBNPbspacBNPHU axxxbL152c1 aLacy, G. H.94416910aComentario sobre la epístola a Los Efesios /cG. H. Lacy. aTexas :bCasa Bautista de Publicaciones,c1946. a188 p. ;c19 cm. aBNGR 001050718MOaGRbGRcCTd2010-09-01iLF1l0oxxx L152cp21160-10r2020-06-25w2020-06-25y1ZNo se presta c20662d20662